000 01222nas a2200325 4500
001 BR2012005957
003 BR-BrBNA
005 20231205120940.0
007 ta
008 230509b bl.|||p| |||| 00| 00por d
040 _aBR-BrBNA
_bpor
_cBiblioteca Nacional de Agricultura
041 _a(En)
072 _aL72
100 1 _aRosa, J.A. da
100 1 _aFreitas, S.C.M. de
100 1 _aMalara, F.F.
100 1 _aRocha, C.S.
245 1 _aMorphometry and morfology of the Antennae of Panstrongylus megistus Burmeister, Rhodnius neglectus Lent, Rhodnius prolixus Stal and Triatoma vitticeps Stal (Hemiptera: Reduviidae)
246 1 _aMorphometry and morfology of the Antennae of Panstrongylus megistus Burmeister, Rhodnius neglectus Lent, Rhodnius prolixus Stal and Triatoma vitticeps Stal (Hemiptera: Reduviidae)
650 _aBARBEIRO
650 _aHEMIPTERO
650 _aPRAGA DE ANIMAL
650 _aVETOR
650 _aTRANSMISSÃO DE DOENÇA
650 _aDOENÇA DE CHAGAS
650 _aMORFOLOGIA ANIMAL
773 0 _tNeotropical Entomology (Brazil)
_xISSN 1519-566X
_g(Mar-Apr 2010), v. 39(2) p. 214-220
_wBR2012005957
909 _a202311
_bLúcia
_c55
_dLúcia Elande
942 _2AGRIS
_n0
_cANA
999 _c221133
_d221133